|
|
|
|
| LEADER |
01448nam a22003017a 4500 |
| 001 |
30421 |
| 003 |
BD-DhAAL |
| 005 |
20241110164645.0 |
| 008 |
150906s2001 bg a|||| b||| 00| 0 eng d |
| 040 |
|
|
|a BD-DhAAL
|c BD-DhAAL
|
| 082 |
|
|
|2 22
|a 307.1412095492
|
| 100 |
|
|
|a Chowdhury, A. Mushtaque R.
|9 15967
|
| 245 |
|
|
|a Equity gains in Bangladesh primary education /
|c A. Mushtaque R. Chowdhury.
|
| 260 |
|
|
|a Dhaka :
|b Research and Evaluation Division, BRAC,
|c 2001.
|
| 300 |
|
|
|a 18 pages :
|b illustrations ;
|c 25 cm
|
| 490 |
|
|
|a Research monograph series ;
|v 20
|
| 541 |
|
|
|a Complimentary copy from BRAC
|e 30421
|
| 610 |
|
|
|a BRAC
|9 14405
|
| 650 |
|
|
|a Rural development
|z Bangladesh.
|9 14406
|
| 700 |
|
|
|a Nath, Samir R.
|9 14592
|
| 700 |
|
|
|a Choudhury, Rasheda K.
|9 28014
|
| 710 |
|
|
|a BRAC
|9 14405
|
| 830 |
|
|
|a Research monograph series ;
|v 20
|
| 852 |
|
|
|a Ayesha Abed Library
|c BRAC Resource Section
|
| 942 |
|
|
|2 ddc
|c BK
|
| 999 |
|
|
|c 36117
|d 36117
|
| 952 |
|
|
|0 0
|1 0
|2 ddc
|4 0
|6 307_141209549200000_CHO
|7 1
|9 56762
|a BRACUL
|b BRACUL
|c BRS
|d 2015-11-11
|e Complimentary copy from BRAC
|l 0
|o 307.1412095492 CHO
|p 3010030421
|r 2015-11-11
|t 1
|w 2015-11-11
|y BK
|x Complimentary copy from BRAC ; price not available in register
|
| 952 |
|
|
|0 0
|1 0
|2 ddc
|4 0
|6 307_141209549200000_CHO
|7 1
|9 56763
|a BRACUL
|b BRACUL
|c BRS
|d 2015-11-11
|e Complimentary copy from BRAC
|l 0
|o 307.1412095492 CHO
|p 3010030422
|r 2015-11-11
|t 2
|w 2015-11-11
|y BK
|x Complimentary copy from BRAC ; price not available in register
|